Nato Alphabet Quiz - Statistics

General Stats
  • This quiz has been taken 30 times
  • The average score is 21 of 26
Answer Stats
Hint Answer % Correct
A Alpha
100%
D Delta
96%
F Foxtrot
96%
B Bravo
91%
C Charlie
91%
E Echo
91%
X Xray
91%
H Hotel
87%
K Kilo
87%
L Lima
87%
Z Zulu
87%
T Tango
83%
G Golf
78%
I India
78%
J Juliet
78%
R Romeo
78%
Q Quebec
74%
N November
70%
O Oscar
70%
S Sierra
70%
U Uniform
70%
W Whiskey
70%
M Mike
65%
P Papa
65%
V Victor
65%
Y Yankee
65%
No matching quizzes found
Score Distribution
Percent of People with Each Score
Percentile by Number Answered
Your Score History
You have not taken this quiz